Cây xapô Manikara Zapota, Linn.

Uloženo v:
Podrobná bibliografie
Hlavní autor: DƯƠNG MINH
Médium: Kniha
Jazyk:Undetermined
Vydáno: Tp. HCM Nông Nghiệp 2001
Témata:
Tagy: Přidat tag
Žádné tagy, Buďte první, kdo otaguje tento záznam!
Thư viện lưu trữ: Trung tâm Học liệu Trường Đại học Cần Thơ
LEADER 00522nam a2200181Ia 4500
001 CTU_45541
008 210402s9999 xx 000 0 und d
082 |a 634.43 
082 |b M312 
100 |a DƯƠNG MINH 
245 0 |a Cây xapô 
245 0 |b Manikara Zapota, Linn. 
245 0 |c DƯƠNG MINH, Lê Thanh Phong, Võ Thanh Hoàng 
260 |a Tp. HCM 
260 |b Nông Nghiệp 
260 |c 2001 
650 |a sapodilla - diseases and pests 
980 |a Trung tâm Học liệu Trường Đại học Cần Thơ